2024 Formula One Drivers - Statistics

General Stats
  • This quiz has been taken 21 times
  • The average score is 19 of 20
Answer Stats
Team Country Driver % Correct
🇮🇹Ferrari 🇪🇸Spanish Carlos Sainz
100%
🇫🇷Alpine 🇫🇷French Esteban Ocon
100%
🇬🇧Aston Martin 🇪🇸Spanish Fernando Alonso
100%
🇩🇪Mercedes 🇬🇧British George Russell
100%
🇩🇪Mercedes 🇬🇧British Lewis Hamilton
100%
🇦🇹Red Bull 🇳🇱Dutch Max Verstappen
100%
🇬🇧Williams 🇹🇭Thai Alexander Albon
95%
🇮🇹Ferrari 🇲🇨Monégasque Charles Leclerc
95%
🇮🇹AlphaTauri RB 🇦🇺Australian Daniel Ricciardo
95%
🇬🇧Aston Martin 🇨🇦Canadian Lance Stroll
95%
🇬🇧McLaren 🇬🇧British Lando Norris
95%
🇬🇧McLaren 🇦🇺Australian Oscar Piastri
95%
🇫🇷Alpine 🇫🇷French Pierre Gasly
95%
🇦🇹Red Bull 🇲🇽Mexican Sergio Perez
95%
🇨🇭Stake Sauber 🇫🇮Finnish Valterri Bottas
95%
🇨🇭Stake Sauber 🇨🇳Chinese Zhou Guanyu
95%
🇺🇸Haas 🇩🇰Danish Kevin Magnussen
90%
🇮🇹AlphaTauri RB 🇯🇵Japanese Yuki Tsunoda
90%
🇺🇸Haas 🇩🇪German Nico Hulkenberg
85%
🇬🇧Williams 🇺🇸American Logan Sargent
70%
No matching quizzes found
Score Distribution
Percent of People with Each Score
Percentile by Number Answered
Your Score History
You have not taken this quiz